|
|
|
|
| LEADER |
00000nab a2200000 a 4500 |
| 001 |
vtls000409440 |
| 003 |
SK-MaSNL |
| 005 |
20260304082234.0 |
| 008 |
250424c1990 xo 0 slo |
| 015 |
|
|
|a SNBRB19rr/mm-uuuuu
|
| 035 |
|
|
|a CL0409564
|
| 035 |
|
|
|a urn:nbn:sk:snk-ab1l7d
|
| 035 |
|
|
|a (urnnbn)urn:nbn:sk:snk:ar-004d4k
|
| 035 |
|
|
|a (uuid)efe067d2-4a6e-40a9-b952-1c62fdcc0921
|
| 040 |
|
|
|a SNKBUCL
|b slo
|c SNKBUCL
|e AACR2
|
| 041 |
0 |
|
|a eng
|
| 044 |
|
|
|a xo
|c SK
|
| 080 |
|
|
|a 631.42:332.38
|2 1981
|
| 080 |
|
|
|a 332.38
|2 1981
|
| 080 |
|
|
|a 631.42
|2 1981
|
| 100 |
1 |
|
|a Špes, Ján
|4 aut
|9 922744
|
| 245 |
1 |
0 |
|a Interpretation of pedo-ecological research findings at evaluation and rational soil use in Prešov district
|b Prešov.)
|c Ján Špes, Jozef Vilček
|
| 300 |
|
|
|b Tb. 5. Res. slov., rus., lit. 13 zázn. v slov., nem.
|
| 650 |
0 |
7 |
|a poľnohospodárska pôda
|2 snkbucl
|9 31794
|
| 655 |
|
7 |
|a články z novín a časopisov
|2 snkbucl
|9 267496
|
| 700 |
1 |
|
|a Vilček, Jozef,
|d 1957-
|4 aut
|9 192382
|
| 773 |
0 |
|
|t Poľnohospodárstvo
|g Roč. 36, č. 11 (1990), s. 977-990
|
| 850 |
|
|
|a Slovenská národná knižnica
|
| 852 |
|
|
|a Slovenská národná knižnica
|
| 954 |
|
|
|a odborná, vedecká literatúra pôvodná (slovenská)
|2 lita
|
| 958 |
|
|
|a article27
|
| 958 |
|
|
|a NB
|
| 958 |
|
|
|a OND
|
| 958 |
|
|
|a EUIPO
|
| 992 |
|
|
|a RBX
|
| 999 |
|
|
|c 2794921
|d 2796851
|